| 000 | 00719cam a2200181 i 4500 | ||
|---|---|---|---|
| 005 | 20251108172801.0 | ||
| 008 | 250721s2002 jo a gr 000 0 ara d | ||
| 082 | 1 | 4 |
_a001.42 _bق ن د |
| 100 | 1 |
_aقنديلجي، عامر _eمؤلف. |
|
| 245 | 1 | 0 |
_aالبحث العلمي و إستخدام مصادر المعلومات التقليدية و الإلكترونية / _cأ.د.عامر قنديلجي. |
| 250 | _aالطبعة الاولى. | ||
| 264 | 3 | 1 |
_aعمان : _bدار اليازوري العلمية للنشر والتوزيع، _c2002. |
| 300 | _a390 صفحة. | ||
| 650 | 1 | 7 | _aالبحث العلمي. |
| 650 | 1 | 7 | _aالالكترونيات. |
| 942 |
_2ddc _cBK |
||
| 999 |
_c88403 _d88403 |
||